[Event "Stuttgart-chB int"]
[Site "Ditzingen"]
[Date "2013.05.12"]
[Round "7"]
[White "Graf, Maximilian"]
[Black "Viehoff, Juergen"]
[Result "0-1"]
[WhiteElo "1731"]
[BlackElo "1848"]
[PlyCount "108"]
[EventDate "2013.05.09"]
[EventType "swiss"]
[EventRounds "7"]
[EventCountry "GER"]
[SourceTitle "EXT 2014"]
[Source "ChessBase"]
[SourceDate "2013.11.20"]
[SourceVersion "1"]
[SourceVersionDate "2013.11.20"]
[SourceQuality "1"]

1. e4 c6 2. d4 d5 3. Nc3 a6 4. Nf3 Bg4 5. exd5 cxd5 6. h3 Bh5 7. Be2 Nc6 8. Bf4 e6 9. Ne5 Bxe2 10. Nxc6 Bxd1 11. Nxd8 Rxd8 12. Rxd1 Bb4 13. Rd3 Nf6 14. f3 Rc8 15. Bd2 Kd7 16. Kf2 Rc6 17. a3 Bd6 18. Re1 Rhc8 19. f4 g6 20. g4 b5 21. Rf3 Ne4+ 22. Nxe4 dxe4 23. Rc3 Rxc3 24. Bxc3 Bxa3 25. Rxe4 b4 26. bxa3 Rxc3 27. axb4 Rxc2+ 28. Re2 Rc4 29. Ke3 Rxb4 30. Ra2 Rb3+ 31. Ke4 f5+ 32. gxf5 gxf5+ 33. Ke5 Ke7 34. d5 Rb5 35. Kd4 Rxd5+ 36. Kc4 Rd6 37. Kc5 Rd3 38. Rxa6 Rxh3 39. Ra7+ Kf6 40. Kd6 Rd3+ 41. Kc5 h5 42. Rh7 Kg6 43. Rh8 Rd1 44. Re8 Kf7 45. Rh8 Rh1 46. Kd6 h4 47. Rh7+ Kg6 48. Rh8 Kg7 49. Rh5 Kg6 50. Rh8 h3 51. Kxe6 h2 52. Rg8+ Kh7 53. Rg3 Re1+ 54. Kf6 h1Q 0-1

[Event "Stuttgart-chB int"]
[Site "Ditzingen"]
[Date "2013.05.10"]
[Round "4"]
[White "Graf, Maximilian"]
[Black "Shahisavandi, Abdollah"]
[Result "1-0"]
[WhiteElo "1731"]
[BlackElo "1833"]
[PlyCount "75"]
[EventDate "2013.05.09"]
[EventType "swiss"]
[EventRounds "7"]
[EventCountry "GER"]
[SourceTitle "EXT 2014"]
[Source "ChessBase"]
[SourceDate "2013.11.20"]
[SourceVersion "1"]
[SourceVersionDate "2013.11.20"]
[SourceQuality "1"]

1. e4 e5 2. Nf3 Nc6 3. Bc4 Be7 4. d4 exd4 5. Nxd4 d6 6. Nxc6 bxc6 7. 0-0 Nf6 8. Nc3 0-0 9. Re1 Bg4 10. Qd3 Nd7 11. f3 Bh5 12. f4 Nb6 13. Bb3 Bg4 14. f5 Nd7 15. h3 Bh5 16. g4 Bh4 17. Rf1 Nc5 18. Qf3 Nxb3 19. axb3 Bg6 20. Kg2 Bf6 21. fxg6 hxg6 22. Bf4 g5 23. Bd2 Qe7 24. Rae1 Rae8 25. Qe3 a6 26. Qd3 Be5 27. Qxa6 f5 28. Rxf5 g6 29. Bxg5 Qd7 30. Rxf8+ Rxf8 31. Rf1 Re8 32. Qe2 d5 33. Qf3 Bxc3 34. Qxc3 Rxe4 35. Rf6 Qe8 36. Bh6 Re2+ 37. Kg1 Re7 38. Rf8+ 1-0

[Event "Stuttgart-chB int"]
[Site "Ditzingen"]
[Date "2012.05.17"]
[Round "2"]
[White "Graf, Maximilian"]
[Black "Muench, Werner"]
[Result "1/2-1/2"]
[WhiteElo "1629"]
[BlackElo "1862"]
[PlyCount "43"]
[EventDate "2012.05.17"]
[EventType "swiss"]
[EventRounds "7"]
[EventCountry "GER"]
[SourceTitle "EXT 2018"]
[Source "ChessBase"]
[SourceDate "2017.10.13"]
[SourceVersion "1"]
[SourceVersionDate "2017.10.13"]
[SourceQuality "1"]

1. e4 c5 2. Nf3 Nc6 3. d4 cxd4 4. Nxd4 Nf6 5. Nc3 e6 6. Be2 Bb4 7. h3 d5 8. Nxc6 bxc6 9. Be3 0-0 10. 0-0 Bb7 11. e5 Nd7 12. f4 c5 13. a3 Ba5 14. Bf3 Rb8 15. Bf2 Ba6 16. Be2 Bxe2 17. Qxe2 Rxb2 18. Na4 Rb8 19. Nxc5 Nxc5 20. Bxc5 Bb6 21. Bxb6 Qxb6+ 22. Qf2 1/2-1/2